| 000 | 00427nam a2200145Ia 4500 | ||
|---|---|---|---|
| 041 | _aKurdish | ||
| 082 | _a491,5 cut-999 ر | ||
| 100 | _a20260118u\\\\\\\\\\\y0engy0103\\\\ba | ||
| 100 | _aس.س.رەوەند | ||
| 245 | 0 | _aلە گۆشەى زمان ورێزمان هەندێ روخسارى زمانى کوردى | |
| 250 | _aچ1 | ||
| 260 |
_bچاپخانە منارە _aهەوڵیر _c2008 |
||
| 300 | _a168 | ||
| 942 | _cBk | ||
| 999 |
_c189254 _d189254 |
||